000 00426nam a2200157Ia 4500
008 241127s9999||||xx |||||||||||||| ||und||
020 _a9789832031710
_c00
040 _beng
_cSSK Library
_erda
082 _a005.133/ISK
100 _a Iskandar Ab Rashid & Zaitun Ismail -
245 0 _aPengaturcaraan Menggunakan C++
260 _b Venton Publishing
_c©2002
942 _22ddc
_cBOOK
_nNo
999 _c8517
_d8517
003 OSt
005 20241127152745.0